[Event "zonal 3.2a"]
[Site "Yangon MYA"]
[Date "1998.12.14"]
[Round "7"]
[White "Handoko, Edhi"]
[Black "Nadera, Barlo"]
[Result "1/2-1/2"]
[WhiteElo "2470"]
[BlackElo "2400"]
[EventDate "1998.12.??"]
[PlyCount "77"]

1.e4 e6 2.d4 d5 3.Nc3 Bb4 4.Ne2 dxe4 5.a3 Be7 6.Nxe4 b6 7.g3 Bb7 8.Bg2 Qc8
9.O-O Nf6 10.N2c3 O-O 11.Nxf6+ Bxf6 12.Ne4 Be7 13.Qh5 Nd7 14.Bg5 Bxg5 15.
Qxg5 h6 16.Qe3 a5 17.Rfe1 a4 18.c4 Ra5 19.Rac1 Qa8 20.Bh3 Rd8 21.Rcd1 Bxe4
22.Qxe4 Qxe4 23.Rxe4 b5 24.d5 Nf6 25.Red4 e5 26.d6 cxd6 27.Rxd6 Rxd6 28.
Rxd6 bxc4 29.Rc6 Rb5 30.Rxc4 Rxb2 31.Rxa4 g6 32.Bf1 h5 33.h3 Kg7 34.Ra7 
Ne4 35.Bc4 Nd6 36.Bf1 Ne4 37.Bc4 Nd6 38.Bf1 Ne4 39.Bc4 1/2-1/2

[Event "zonal 3.2a"]
[Site "Yangon MYA"]
[Date "1998.12.14"]
[Round "7"]
[White "Liu, Dede"]
[Black "Zaw Win Lay"]
[Result "1-0"]
[WhiteElo "2375"]
[BlackElo "2465"]
[EventDate "1998.12.??"]
[PlyCount "69"]

1.e4 c5 2.Nf3 d6 3.d4 cxd4 4.Nxd4 Nf6 5.Nc3 Nc6 6.Bg5 e6 7.Qd2 Be7 8.O-O-O
O-O 9.f4 Nxd4 10.Qxd4 Qa5 11.Bc4 Bd7 12.e5 dxe5 13.fxe5 Bc6 14.Bd2 Nd7 15.
Nd5 Qd8 16.Nxe7+ Qxe7 17.Rhe1 Rfc8 18.Qg4 Nf8 19.Bd3 Ng6 20.g3 Qc7 21.Bc3 
b5 22.h4 Qb7 23.Rf1 b4 24.Bd4 Qc7 25.Qe2 Qa5 26.h5 b3 27.axb3 Nf8 28.Bc3 
Qc7 29.h6 gxh6 30.Qh5 Qb7 31.Rf4 Ng6 32.Qxh6 Bb5 33.Rb4 a6 34.Rh1 Qf3 35.
Bxg6 1-0

[Event "zonal 3.2a"]
[Site "Yangon MYA"]
[Date "1998.12.14"]
[Round "7"]
[White "Mariano, Nelson"]
[Black "Nay Oo Kyaw Tun"]
[Result "1/2-1/2"]
[WhiteElo "2435"]
[BlackElo "2395"]
[EventDate "1998.12.??"]
[PlyCount "20"]

1.e4 e5 2.Nf3 Nc6 3.Bb5 a6 4.Ba4 Nf6 5.O-O Be7 6.Re1 b5 7.Bb3 d6 8.a4 Bb7 
9.d3 O-O 10.Nc3 Na5 1/2-1/2

[Event "zonal 3.2a"]
[Site "Yangon MYA"]
[Date "1998.12.14"]
[Round "7"]
[White "Matsuo, Tomohiko"]
[Black "Lim Yee Weng"]
[Result "1-0"]
[WhiteElo "2205"]
[BlackElo "2140"]
[EventDate "1998.12.??"]
[PlyCount "107"]

1.e4 c5 2.Nf3 d6 3.d4 cxd4 4.Nxd4 Nf6 5.Nc3 g6 6.Be3 Bg7 7.f3 Nc6 8.Bc4 
O-O 9.Qd2 Bd7 10.O-O-O Ne5 11.Bb3 Qa5 12.h4 Rfc8 13.h5 Nxh5 14.g4 Nf6 15.
Bh6 Bxh6 16.Qxh6 Rxc3 17.bxc3 Rc8 18.Kb1 Nc4 19.Bxc4 Rxc4 20.Rd3 Be6 21.
Nb3 Qb5 22.Qe3 a5 23.Ka1 Ra4 24.Rb1 Qc6 25.Rb2 Qc7 26.Rd4 Rc4 27.Rxc4 Bxc4
28.Qa7 Ba6 29.Qe3 Nd7 30.Rb1 Ne5 31.Nd2 Nc4 32.Nxc4 Qxc4 33.Rh1 Bb5 34.Kb2
f6 35.Qb6 Be8 36.Qxb7 Bf7 37.Ra1 a4 38.a3 Qe2 39.Qa8+ Kg7 40.Qxa4 Qxf3 41.
Qd4 Qxg4 42.a4 e5 43.Qb4 Qe2 44.a5 Qa6 45.Rd1 d5 46.exd5 Qe2 47.Ra1 Bxd5 
48.Qe7+ Kh6 49.Qxf6 Be4 50.Qf8+ Kh5 51.Rc1 g5 52.Qe8+ Kh4 53.Qxe5 g4 54.
Rh1+ 1-0

[Event "zonal 3.2a"]
[Site "Yangon MYA"]
[Date "1998.12.14"]
[Round "7"]
[White "Myint Han"]
[Black "Naing Lin Aung"]
[Result "1-0"]
[WhiteElo "2260"]
[BlackElo "2190"]
[EventDate "1998.12.??"]
[PlyCount "53"]

1.e4 e5 2.Nf3 Nc6 3.Bb5 a6 4.Ba4 Nf6 5.O-O Be7 6.Re1 b5 7.Bb3 O-O 8.c3 d6 
9.h3 Be6 10.d4 exd4 11.cxd4 Bxb3 12.axb3 h6 13.Nc3 Re8 14.d5 Ne5 15.Nd4 
Bf8 16.f4 Ned7 17.Nc6 Qc8 18.e5 dxe5 19.fxe5 Nh7 20.Bf4 Bc5+ 21.Kh1 Ndf8 
22.b4 Be7 23.Qf3 Qf5 24.d6 cxd6 25.Nxe7+ Rxe7 26.Qxa8 Qxf4 27.Nd5 1-0

[Event "zonal 3.2a"]
[Site "Yangon MYA"]
[Date "1998.12.14"]
[Round "7"]
[White "Nyi Nyi Zaw"]
[Black "Myo Thant Khine"]
[Result "1-0"]
[WhiteElo "2190"]
[BlackElo "2320"]
[EventDate "1998.12.??"]
[PlyCount "55"]

1.d4 Nf6 2.c4 g6 3.Nc3 Bg7 4.e4 d6 5.Be2 O-O 6.Bg5 c5 7.d5 h6 8.Bh4 e6 9.
Nf3 exd5 10.cxd5 Qa5 11.O-O Qb4 12.Qc2 c4 13.Nd2 b5 14.a4 Nbd7 15.axb5 Nb6
16.Ra3 Nxe4 17.Ndxe4 f5 18.Be7 fxe4 19.Bxf8 Bxf8 20.Nxe4 Bf5 21.Qd2 Qxb5 
22.Ng3 Bd7 23.Ra5 Qb3 24.Ne4 Bf5 25.Nc3 Bg7 26.Rfa1 Re8 27.Rxa7 Nd7 28.g4 
1-0

[Event "zonal 3.2a"]
[Site "Yangon MYA"]
[Date "1998.12.14"]
[Round "7"]
[White "Roca, Petronio"]
[Black "Villamayor, Buenaventura"]
[Result "0-1"]
[WhiteElo "2365"]
[BlackElo "2280"]
[EventDate "1998.12.??"]
[PlyCount "120"]

1.e4 e6 2.d4 d5 3.Nc3 Bb4 4.e5 c5 5.a3 Bxc3+ 6.bxc3 Qc7 7.Nf3 b6 8.Bb5+ 
Bd7 9.a4 Ne7 10.O-O Bxb5 11.axb5 O-O 12.Re1 Rc8 13.dxc5 bxc5 14.Ra4 Nd7 
15.Rh4 Ng6 16.Rh5 Rab8 17.Qe2 Ndf8 18.h4 Qd7 19.c4 dxc4 20.Rg5 h6 21.Rg4 
Kh8 22.Nd2 Ne7 23.Nxc4 Nf5 24.h5 Qxb5 25.Rf4 Nh7 26.c3 Ng5 27.Rg4 Nh7 28.
Re4 Rd8 29.g4 Ne7 30.Qf3 f5 31.exf6 Nxf6 32.Rxe6 Qxc4 33.Rxf6 Nd5 34.Rf7 
Qxc3 35.Qxc3 Nxc3 36.Be3 Rb4 37.f3 Re8 38.Kf1 a5 39.Bxc5 Rxe1+ 40.Kxe1 Rc4
41.Bd6 Rc6 42.Rd7 Na4 43.Rd8+ Kh7 44.Kf2 Nc5 45.Be5 a4 46.f4 a3 47.Kf3 a2 
48.Re8 Re6 49.Ra8 Ra6 50.Rc8 Ra3+ 51.Ke2 Nd3 52.Ba1 Nxf4+ 53.Kf2 Rh3 54.
Ra8 Rh1 55.Bc3 Nd5 56.Be5 Nb4 57.Kg2 Rc1 58.Ra4 Nc6 59.Bxg7 Rc2+ 60.Kf3 
Kxg7 0-1

[Event "zonal 3.2a"]
[Site "Yangon MYA"]
[Date "1998.12.14"]
[Round "7"]
[White "Zaw Oo"]
[Black "Hafizulhelmi, Mas"]
[Result "1/2-1/2"]
[WhiteElo "2340"]
[BlackElo "2400"]
[EventDate "1998.12.??"]
[PlyCount "91"]

1.e4 c5 2.Nf3 d6 3.d4 cxd4 4.Nxd4 Nf6 5.Nc3 a6 6.Bg5 e6 7.f4 Be7 8.Qf3 Qa5
9.O-O-O Bd7 10.e5 dxe5 11.fxe5 Nc6 12.Nxc6 Bxc6 13.Qg3 Nh5 14.Qh4 Bxg5+ 
15.Qxg5 g6 16.Be2 h6 17.Qe3 Ng7 18.Bf3 Bxf3 19.gxf3 Nf5 20.Qf4 Rc8 21.Kb1 
Ke7 22.Rd3 Rhd8 23.Rhd1 Rxd3 24.Rxd3 Rd8 25.Rxd8 Kxd8 26.Qd2+ Ke7 27.f4 
Qc5 28.a4 Qg1+ 29.Ka2 Qd4 30.Qg2 Qd7 31.Qf2 Qc6 32.Qa7 Kd7 33.Qb8 Ne7 34.
Kb1 Qh1+ 35.Ka2 Nc8 36.h4 Qc6 37.Kb1 Qf3 38.Ka2 Kd8 39.a5 Qc6 40.Kb1 h5 
41.Ka1 Qg2 42.Ka2 Qc6 43.Kb1 Qf3 44.Ka2 Qg2 45.Kb3 Qf3 46.Ka2 1/2-1/2

[Event "zonal 3.2a"]
[Site "Yangon MYA"]
[Date "1998.12.15"]
[Round "8"]
[White "Utut Adianto"]
[Black "Antonio, Rogelio jr"]
[Result "0-1"]
[WhiteElo "2610"]
[BlackElo "2540"]
[EventDate "1998.12.??"]
[PlyCount "130"]

1.Nf3 Nf6 2.c4 g6 3.g3 Bg7 4.Bg2 O-O 5.O-O d6 6.Nc3 e5 7.d4 Nbd7 8.h3 c6 
9.e4 Qb6 10.c5 dxc5 11.dxe5 Ne8 12.Qc2 Nc7 13.Na4 Qb5 14.Be3 Ne6 15.Rfd1 
Re8 16.Rd2 c4 17.Rad1 Nxe5 18.Nxe5 Bxe5 19.f4 Bc7 20.e5 Nxf4 21.Bxf4 Bf5 
22.Qc3 Ba5 23.Qf3 Bxd2 24.Rxd2 Qxa4 25.g4 Bd3 26.Bh6 Re6 27.Rf2 f6 28.exf6
Kf7 29.Bd2 g5 30.h4 Qb5 31.hxg5 Qxb2 32.Qf4 Qe5 33.g6+ Bxg6 34.Qxc4 Rd8 
35.Qb3 b6 36.Bf1 Rxd2 37.Rxd2 Kxf6 38.Rf2+ Kg7 39.Bg2 Qe1+ 40.Rf1 Qe3+ 41.
Qxe3 Rxe3 42.Bxc6 Rg3+ 43.Kh2 Rxg4 44.Bd5 Rd4 45.Bb3 a5 46.Rc1 a4 47.Rc7+ 
Kf8 48.Be6 Rd6 49.Bd7 a3 50.Ra7 Rd2+ 51.Kg3 Rxa2 52.Be6 Re2 53.Bd5 Rd2 54.
Bc4 Rd4 55.Be2 Rd2 56.Bc4 Rc2 57.Bd5 Rc3+ 58.Kf4 Rc5 59.Ba2 Ra5 60.Rb7 
Rf5+ 61.Kg3 b5 62.Ra7 Bf7 63.Bxf7 Rxf7 64.Rxa3 h5 65.Kh4 Ke7 0-1

[Event "zonal 3.2a"]
[Site "Yangon MYA"]
[Date "1998.12.15"]
[Round "8"]
[White "Aung Aung"]
[Black "Myint Han"]
[Result "0-1"]
[WhiteElo "2400"]
[BlackElo "2260"]
[EventDate "1998.12.??"]
[PlyCount "76"]

1.g3 Nf6 2.Bg2 g6 3.f4 Bg7 4.Nf3 O-O 5.O-O c5 6.d3 d5 7.h3 Nc6 8.Qe1 d4 9.
c4 Rb8 10.g4 b5 11.b3 Na5 12.Nbd2 h5 13.Ne5 hxg4 14.hxg4 bxc4 15.bxc4 Nxg4
16.Nxg4 Bxg4 17.Nb3 Nxb3 18.axb3 Qc7 19.Ra3 Rb6 20.e4 dxe3 21.Bxe3 Rd8 22.
Qf2 Bd4 23.Bxd4 Rxd4 24.Rfa1 Rxd3 25.Rxa7 Qd6 26.Ra8+ Kg7 27.Qb2+ Rd4 28.
Rf1 Qf6 29.Ra5 Rxf4 30.Qxf6+ Rfxf6 31.Rxf6 Kxf6 32.Rxc5 Rxb3 33.Rc6+ e6 
34.c5 Rc3 35.Rc8 e5 36.Rc7 Be6 37.c6 Kg5 38.Ra7 Kf4 0-1

[Event "zonal 3.2a"]
[Site "Yangon MYA"]
[Date "1998.12.15"]
[Round "8"]
[White "De Guzman, Ricardo"]
[Black "Zaw Oo"]
[Result "0-1"]
[WhiteElo "2400"]
[BlackElo "2340"]
[EventDate "1998.12.??"]
[PlyCount "74"]

1.e4 c5 2.Nf3 d6 3.d4 cxd4 4.Qxd4 Nc6 5.Bb5 Bd7 6.Bxc6 Bxc6 7.Bg5 Nf6 8.
Nc3 e6 9.O-O-O Be7 10.Rhe1 O-O 11.Qd2 Qc7 12.Nd4 Rac8 13.Kb1 Rfd8 14.f3 a6
15.g4 b5 16.Bxf6 Bxf6 17.g5 Be7 18.Nxc6 Qxc6 19.h4 Bf8 20.h5 g6 21.h6 b4 
22.Ne2 d5 23.Nd4 Qb6 24.e5 Rc4 25.Re3 Rdc8 26.Rd3 a5 27.Ka1 a4 28.Kb1 Be7 
29.f4 Qa5 30.Rc1 Bc5 31.Ne2 Bb6 32.c3 Bc5 33.cxb4 Bxb4 34.Qd1 Qb6 35.a3 
Ba5 36.Rxc4 Rxc4 37.Rd4 Bc3 0-1

[Event "zonal 3.2a"]
[Site "Yangon MYA"]
[Date "1998.12.15"]
[Round "8"]
[White "Handoko, Edhi"]
[Black "Dao Thien Hai"]
[Result "0-1"]
[WhiteElo "2470"]
[BlackElo "2580"]
[EventDate "1998.12.??"]
[PlyCount "132"]

1.e4 c5 2.Nf3 e6 3.c3 Nf6 4.e5 Nd5 5.d4 cxd4 6.cxd4 d6 7.Bd3 Bd7 8.O-O Bc6
9.Nc3 Nd7 10.Qe2 Be7 11.Ne4 dxe5 12.dxe5 Qc7 13.Ng3 h6 14.Bd2 g5 15.Rfe1 
Qb6 16.h3 Rg8 17.Rac1 g4 18.hxg4 Rxg4 19.Nf5 Nf4 20.Bxf4 Rxf4 21.Ng3 Nc5 
22.Bb1 O-O-O 23.Qe3 Rg4 24.a3 Kb8 25.b4 Na4 26.Be4 Qxe3 27.Rxe3 Bb5 28.Nh2
Rgg8 29.Nf3 Nb2 30.Rec3 Rd1+ 31.Rxd1 Nxd1 32.Rc2 Ba4 33.Rc1 Rc8 34.Ra1 Nc3
35.Bh7 Rh8 36.Bd3 Rd8 37.Bh7 a6 38.Kh2 Nd5 39.Ne2 Nb6 40.Nfd4 Nc4 41.f4 
Bd7 42.Bd3 Rc8 43.Ra2 Ne3 44.Be4 f6 45.exf6 Bxf6 46.Bf3 Rc4 47.Nb3 b6 48.
Nd2 Rc2 49.Rxc2 Nxc2 50.Nc4 Bb5 51.Ne5 Kc7 52.g4 Be8 53.Be4 Nxa3 54.Nf3 
Kd6 55.g5 hxg5 56.fxg5 Bg7 57.Nf4 Nc4 58.g6 Ne5 59.Ng5 Bh6 60.Ngxe6 Nxg6 
61.Kg3 Nxf4 62.Nxf4 Ke5 63.Nd5 Bc6 64.Nf6 Bxe4 65.Ng4+ Kd4 66.Nxh6 a5 0-1

[Event "zonal 3.2a"]
[Site "Yangon MYA"]
[Date "1998.12.15"]
[Round "8"]
[White "Kyaw Kyaw Soe"]
[Black "Dang Tat Thang"]
[Result "1-0"]
[WhiteElo "2310"]
[BlackElo "2245"]
[EventDate "1998.12.??"]
[PlyCount "53"]

1.d4 d5 2.Nf3 c6 3.g3 Nf6 4.Bg2 Bf5 5.O-O e6 6.Nbd2 Nbd7 7.c4 h6 8.b3 Be7 
9.Bb2 O-O 10.Ne5 Nxe5 11.dxe5 Nd7 12.e4 dxe4 13.Bxe4 Bxe4 14.Nxe4 Qc7 15.
Qh5 Kh7 16.f4 Nc5 17.Nf2 g6 18.Qf3 Rad8 19.Bc3 a5 20.Rad1 Rxd1 21.Rxd1 Rd8
22.Kg2 Kg7 23.Qe2 b6 24.Qf3 Rxd1 25.Qxd1 Qd7 26.Bd4 Kf8 27.Bxc5 1-0

[Event "zonal 3.2a"]
[Site "Yangon MYA"]
[Date "1998.12.15"]
[Round "8"]
[White "Myo Naing"]
[Black "Roca, Petronio"]
[Result "1-0"]
[WhiteElo "2345"]
[BlackElo "2365"]
[EventDate "1998.12.??"]
[PlyCount "53"]

1.e4 c5 2.Nf3 e6 3.d4 cxd4 4.Nxd4 a6 5.Nc3 Qc7 6.Bd3 b5 7.O-O Nf6 8.Re1 
Bd6 9.h3 Nc6 10.Nxc6 dxc6 11.f4 Bxf4 12.Bxf4 Qxf4 13.e5 Nd5 14.Re4 Qg3 15.
Qf1 c5 16.Rae1 h5 17.Nxd5 exd5 18.e6 Bxe6 19.Rxe6+ fxe6 20.Rxe6+ Kd8 21.
Qf5 Ra7 22.Qxd5+ Kc8 23.Bf5 Kc7 24.Rc6+ Kb8 25.Rb6+ Kc7 26.Qxc5+ Kd8 27.
Rd6+ 1-0

[Event "zonal 3.2a"]
[Site "Yangon MYA"]
[Date "1998.12.15"]
[Round "8"]
[White "Myo Thant Khine"]
[Black "Chan, Mark"]
[Result "1/2-1/2"]
[WhiteElo "2320"]
[BlackElo "2240"]
[EventDate "1998.12.??"]
[PlyCount "52"]

1.e4 d5 2.exd5 Qxd5 3.Nc3 Qa5 4.d4 Nf6 5.Nf3 c6 6.h3 Bf5 7.Bd3 Bxd3 8.Qxd3
e6 9.Bf4 Nbd7 10.O-O Be7 11.Nd2 O-O 12.Nc4 Qa6 13.b3 Nd5 14.Bg3 Nxc3 15.
Qxc3 Bf6 16.Be5 Nxe5 17.dxe5 Be7 18.Rfd1 Rfd8 19.Qa5 Qxa5 20.Nxa5 Rab8 21.
Rxd8+ Bxd8 22.Nc4 Bc7 23.Rd1 Rd8 24.Rxd8+ Bxd8 25.Kf1 Bc7 26.f4 Kf8 
1/2-1/2

[Event "zonal 3.2a"]
[Site "Yangon MYA"]
[Date "1998.12.15"]
[Round "8"]
[White "Nadera, Barlo"]
[Black "Liu, Dede"]
[Result "0-1"]
[WhiteElo "2400"]
[BlackElo "2375"]
[EventDate "1998.12.??"]
[PlyCount "188"]

1.c4 e5 2.b3 Nc6 3.Nc3 Nf6 4.Bb2 d5 5.cxd5 Nxd5 6.g3 Be6 7.Bg2 Be7 8.Nf3 
O-O 9.O-O Nb6 10.Rc1 f5 11.d3 Bf6 12.Nd2 Qd7 13.Nc4 Rad8 14.Qc2 Nd4 15.Qb1
Nd5 16.Rfe1 Rfe8 17.e3 Nc6 18.Red1 Bf7 19.Qa1 Nb6 20.Ne2 Bh5 21.Kf1 Nd5 
22.Rd2 Ndb4 23.Nc3 Bf7 24.Rcd1 Nd5 25.Ne4 Nxe3+ 26.Nxe3 fxe4 27.dxe4 Qxd2 
28.Rxd2 Rxd2 29.Bc3 Rd3 30.Ke2 Rdd8 31.h4 Nd4+ 32.Kf1 Be6 33.Qb2 Be7 34.
Kg1 Rf8 35.Bf1 Bc5 36.Kg2 Rf7 37.Nc4 Nb5 38.Be1 Bd4 39.Qc1 Nd6 40.Nd2 Rdf8
41.f3 Be3 42.Be2 Nxe4 43.Qc2 Nxd2 44.Bxd2 Bxd2 45.Qxd2 c6 46.Qe3 Bd5 47.
Qxe5 Bxf3+ 48.Bxf3 Rxf3 49.h5 h6 50.Qe7 R3f7 51.Qe6 Kh8 52.a4 Rf2+ 53.Kh3 
R2f5 54.Kh4 a5 55.Qd7 R5f7 56.Qe6 Rf1 57.Qd7 R1f7 58.Qe6 Rf3 59.Qe7 b5 60.
Qc5 bxa4 61.bxa4 Rc8 62.Qxa5 c5 63.Qa6 Rff8 64.Qc4 Rfd8 65.Kh3 Rd4 66.Qe6 
Ra8 67.a5 Ra4 68.Qc6 R4xa5 69.g4 Ra2 70.Kh4 R2a5 71.Qc7 Kg8 72.Qc6 Kh8 73.
Qc7 Rb5 74.Qc6 Rab8 75.Qc7 Rf8 76.Qc6 Rb4 77.Qxc5 Rff4 78.Kh3 Rbc4 79.Qa3 
Kg8 80.Qd3 Rxg4 81.Qd5+ Kh8 82.Qf7 Rh4+ 83.Kg3 Rcg4+ 84.Kf3 Rg5 85.Qb7 
Rhxh5 86.Qb8+ Kh7 87.Qb1+ Rf5+ 88.Kg4 Rg5+ 89.Kh3 Kg8 90.Qa2+ Rf7 91.Kh4 
Rf5 92.Kg4 Rf6 93.Kh5 Rf4 94.Qa8+ Kh7 0-1

[Event "zonal 3.2a"]
[Site "Yangon MYA"]
[Date "1998.12.15"]
[Round "8"]
[White "Nay Oo Kyaw Tun"]
[Black "Matsuo, Tomohiko"]
[Result "1/2-1/2"]
[WhiteElo "2395"]
[BlackElo "2205"]
[EventDate "1998.12.??"]
[PlyCount "69"]

1.e4 e5 2.Nf3 Nc6 3.Bb5 a6 4.Ba4 Nf6 5.d4 exd4 6.e5 Ne4 7.O-O Be7 8.Nxd4 
Nxd4 9.Qxd4 Nc5 10.Nc3 O-O 11.Bg5 Nxa4 12.Bxe7 Qxe7 13.Nxa4 Re8 14.f4 b5 
15.Nc3 Bb7 16.Rad1 Rad8 17.Qa7 Rb8 18.Nd5 Qe6 19.Nxc7 Qc6 20.Nd5 Qxc2 21.
Qf2 Qf5 22.Qg3 Bxd5 23.Rxd5 Rbc8 24.Qd3 Qxd3 25.Rxd3 Rc2 26.Rf2 Rc1+ 27.
Rf1 Rc2 28.Rxd7 h6 29.Rf2 Rc1+ 30.Rf1 Rc2 31.b4 Rec8 32.Rf2 Rc1+ 33.Rf1 
R1c2 34.Rf2 Rc1+ 35.Rf1 1/2-1/2

[Event "zonal 3.2a"]
[Site "Yangon MYA"]
[Date "1998.12.15"]
[Round "8"]
[White "Nyi Nyi Zaw"]
[Black "Wong Zi Jing"]
[Result "0-1"]
[WhiteElo "2190"]
[BlackElo "2120"]
[EventDate "1998.12.??"]
[PlyCount "86"]

1.d4 Nf6 2.c4 c5 3.d5 b5 4.cxb5 a6 5.e3 axb5 6.Bxb5 Qa5+ 7.Nc3 Bb7 8.Bc4 
e6 9.e4 Nxe4 10.Ne2 Qb4 11.Bd3 Bxd5 12.O-O Nxc3 13.Nxc3 Bc6 14.Qe2 d5 15.
Bb5 Be7 16.Bd2 Qh4 17.g3 Qh3 18.Bf4 O-O 19.a4 Bb7 20.f3 c4 21.Kh1 Na6 22.
a5 Nc5 23.Be3 Ba6 24.Bxa6 Nxa6 25.Na4 Nb4 26.Nb6 Ra6 27.Bd2 Qf5 28.Bc3 Rd8
29.b3 Qc2 30.Qe3 Qxb3 31.Rfb1 Nc2 32.Qd2 Nxa1 33.Rxb3 Nxb3 34.Qe1 d4 35.
Bb4 Bxb4 36.Qxb4 Nxa5 37.Qe7 Rb8 38.Nd7 Nc6 39.Qc5 Rd8 40.Qxc4 Ra1+ 41.Kg2
Rxd7 42.Qxc6 Rd8 43.Qb6 Raa8 0-1

[Event "zonal 3.2a"]
[Site "Yangon MYA"]
[Date "1998.12.15"]
[Round "8"]
[White "Villamayor, Buenaventura"]
[Black "Watanabe, Akira"]
[Result "1-0"]
[WhiteElo "2280"]
[BlackElo "2350"]
[EventDate "1998.12.??"]
[PlyCount "55"]

1.Nf3 Nf6 2.c4 g6 3.Nc3 Bg7 4.d4 O-O 5.Bf4 d6 6.h3 Nbd7 7.e3 e6 8.Be2 Qe7 
9.O-O e5 10.Bh2 Ne8 11.b4 c6 12.b5 f5 13.bxc6 bxc6 14.Qa4 c5 15.Nd5 Qd8 
16.dxe5 dxe5 17.Rab1 a5 18.Qc6 Ra6 19.Qxc8 Qxc8 20.Ne7+ Kf7 21.Nxc8 Bf6 
22.Rb7 Ke6 23.Rd1 Rf7 24.Na7 Bd8 25.Nb5 h6 26.Rd5 Nef6 27.Nxe5 Rg7 28.Nxd7
1-0

[Event "zonal 3.2a"]
[Site "Yangon MYA"]
[Date "1998.12.15"]
[Round "8"]
[White "Zaw Win Lay"]
[Black "Hafizulhelmi, Mas"]
[Result "1/2-1/2"]
[WhiteElo "2465"]
[BlackElo "2400"]
[EventDate "1998.12.??"]
[PlyCount "79"]

1.e4 c5 2.Nf3 d6 3.d4 cxd4 4.Nxd4 Nf6 5.Nc3 a6 6.Be2 g6 7.Bg5 Bg7 8.Qd2 
Nbd7 9.Bh6 Bxh6 10.Qxh6 b5 11.Qe3 Bb7 12.f3 Qb6 13.Nd1 Rc8 14.c3 O-O 15.
Nb3 Nc5 16.O-O Nfd7 17.Nxc5 Nxc5 18.Nf2 Na4 19.Qxb6 Nxb6 20.Rfd1 f5 21.
exf5 gxf5 22.Rd4 Rf6 23.Rad1 Kh8 24.g3 Rg8 25.b3 Rc8 26.R4d3 Re6 27.R1d2 
Nd7 28.Nd1 Kg8 29.Re3 Rxe3 30.Nxe3 Rxc3 31.Nxf5 Kf7 32.Kf2 Nc5 33.Nd4 Kf6 
34.Rc2 Rxc2 35.Nxc2 e5 36.b4 Ne6 37.Bd3 h5 38.h4 d5 39.a3 Bc6 40.Ke3 
1/2-1/2

[Event "zonal 3.2a"]
[Site "Yangon MYA"]
[Date "1998.12.16"]
[Round "9"]
[White "Chan, Mark"]
[Black "Lim Yee Weng"]
[Result "1/2-1/2"]
[WhiteElo "2240"]
[BlackElo "2140"]
[EventDate "1998.12.??"]
[PlyCount "69"]

1.e4 c5 2.c3 e6 3.d4 d5 4.exd5 exd5 5.Nf3 Nc6 6.Bb5 Bd6 7.O-O Ne7 8.dxc5 
Bxc5 9.Nbd2 O-O 10.Nb3 Bd6 11.Nbd4 Bg4 12.Qd3 h6 13.Be3 Bc7 14.Ba4 Bh5 15.
Bc2 Bg6 16.Qd2 Qd7 17.Bf4 Nxd4 18.Nxd4 Bb6 19.Bxg6 Nxg6 20.Be3 Ne5 21.Rad1
Nc4 22.Qc1 Rfe8 23.Nc2 Bxe3 24.Nxe3 Nxe3 25.fxe3 Qe6 26.Rf3 Qa6 27.Rxd5 
Qxa2 28.Rd7 b6 29.c4 Rf8 30.Qf1 Qxb2 31.Rfxf7 Rxf7 32.Qxf7+ Kh8 33.Rxa7 
Qc1+ 34.Kf2 Qd2+ 35.Kf3 1/2-1/2

[Event "zonal 3.2a"]
[Site "Yangon MYA"]
[Date "1998.12.16"]
[Round "9"]
[White "Dang Tat Thang"]
[Black "Myo Thant Khine"]
[Result "1-0"]
[WhiteElo "2245"]
[BlackElo "2320"]
[EventDate "1998.12.??"]
[PlyCount "121"]

1.Nf3 Nf6 2.d4 g6 3.c3 Bg7 4.Bf4 d6 5.Nbd2 b6 6.e4 Bb7 7.Bd3 O-O 8.Qe2 c5 
9.O-O Nbd7 10.h3 Nh5 11.Bh2 e5 12.Rfe1 Qe7 13.dxe5 dxe5 14.Bc4 Rad8 15.
Rad1 Bh6 16.Ba6 Bc6 17.Bb5 Bxb5 18.Qxb5 Bf4 19.Nc4 Bxh2+ 20.Kxh2 Nf4 21.
Qa4 Nf6 22.Rxd8 Rxd8 23.Ncxe5 Qc7 24.Qc6 Qxc6 25.Nxc6 Re8 26.Nce5 b5 27.g3
N4h5 28.Kg2 a6 29.b3 h6 30.c4 bxc4 31.bxc4 Ng7 32.Nd3 Rxe4 33.Rxe4 Nxe4 
34.Nfe5 Ne6 35.Nd7 a5 36.Kf3 Nd2+ 37.Ke2 Nxc4 38.N7xc5 Nxc5 39.Nxc5 Nd6 
40.Kd3 f5 41.a4 Kf7 42.Kd4 Kf6 43.Kd5 Nc8 44.f4 g5 45.Kc6 gxf4 46.gxf4 
Ne7+ 47.Kb5 Nd5 48.Nd3 Kg6 49.Kxa5 Kh5 50.Ka6 Nf6 51.a5 Ne8 52.Kb7 Nd6+ 
53.Kb8 Nb5 54.a6 Kh4 55.Nb4 Kxh3 56.Nd5 Kg3 57.Nc7 Nd4 58.Kb7 h5 59.a7 h4 
60.a8=Q h3 61.Qg8+ 1-0

[Event "zonal 3.2a"]
[Site "Yangon MYA"]
[Date "1998.12.16"]
[Round "9"]
[White "Dao Thien Hai"]
[Black "Antonio, Rogelio jr"]
[Result "0-1"]
[WhiteElo "2580"]
[BlackElo "2540"]
[EventDate "1998.12.??"]
[PlyCount "56"]

1.d4 Nf6 2.c4 e6 3.Nc3 Bb4 4.Qc2 c5 5.dxc5 Na6 6.a3 Bxc3+ 7.Qxc3 Nxc5 8.b4
Nce4 9.Qc2 d5 10.f3 Nd6 11.c5 Nf5 12.e3 Nd7 13.Nh3 a5 14.g4 Nh4 15.Be2 
axb4 16.O-O O-O 17.Bb2 bxa3 18.Bxa3 Re8 19.c6 Ne5 20.Be7 Nexf3+ 21.Bxf3 
Nxf3+ 22.Kg2 Qxe7 23.Rxa8 Ne5 24.cxb7 Qxb7 25.Qa4 Rf8 26.Kg3 Nc4 27.Ng5 f6
28.Nf3 Nb6 0-1

[Event "zonal 3.2a"]
[Site "Yangon MYA"]
[Date "1998.12.16"]
[Round "9"]
[White "Liu, Dede"]
[Black "Villamayor, Buenaventura"]
[Result "1/2-1/2"]
[WhiteElo "2375"]
[BlackElo "2280"]
[EventDate "1998.12.??"]
[PlyCount "141"]

1.e4 e6 2.d4 d5 3.e5 c5 4.c3 Nc6 5.Nf3 Qb6 6.Be2 Nh6 7.Bxh6 gxh6 8.Qd2 Bg7
9.O-O O-O 10.Na3 Bd7 11.Nc2 cxd4 12.cxd4 a5 13.Ne3 h5 14.a4 f6 15.exf6 
Rxf6 16.Ne5 Qxd4 17.Qxd4 Nxd4 18.Bxh5 Bc6 19.f4 Rff8 20.Bg4 Rae8 21.g3 Nb3
22.Ra3 Nc5 23.Bd1 Bxe5 24.fxe5 Rxf1+ 25.Kxf1 Rf8+ 26.Ke1 Nd7 27.Ng4 Kg7 
28.Re3 Rf5 29.Bc2 Rg5 30.Bd1 h5 31.Nf2 d4 32.Nh3 Rf5 33.Rd3 Rxe5+ 34.Be2 
Bxa4 35.Rxd4 Bb5 36.Nf4 Nf6 37.Kf1 Bxe2+ 38.Nxe2 Rb5 39.Rd2 e5 40.Nc3 Rb4 
41.Ke2 Kf7 42.Kd1 Ke6 43.Kc2 h4 44.Rd8 hxg3 45.hxg3 b6 46.Rc8 Kd7 47.Rb8 
Kd6 48.Rd8+ Nd7 49.Rg8 Ke6 50.Rg6+ Kf5 51.Rc6 Rd4 52.Ne2 Rb4 53.Nc3 e4 54.
Nd5 Rb5 55.Ne3+ Ke5 56.Rg6 Kd4 57.Nd1 Rc5+ 58.Nc3 Ke3 59.Rd6 b5 60.Rxd7 b4
61.Rd5 Rc8 62.Rxa5 bxc3 63.bxc3 Rd8 64.c4 Rd2+ 65.Kc3 Rd1 66.Re5 Kf3 67.c5
e3 68.Kc4 e2 69.c6 e1=Q 70.Rxe1 Rxe1 71.Kd5 1/2-1/2

[Event "zonal 3.2a"]
[Site "Yangon MYA"]
[Date "1998.12.16"]
[Round "9"]
[White "Mariano, Nelson"]
[Black "Naing Lin Aung"]
[Result "0-1"]
[WhiteElo "2435"]
[BlackElo "2190"]
[EventDate "1998.12.??"]
[PlyCount "56"]

1.e4 c5 2.Ne2 Nc6 3.Nbc3 e5 4.Nd5 g6 5.Nec3 Bg7 6.Nb5 Kf8 7.Nd6 Nf6 8.Bc4 
Na5 9.Qe2 b5 10.Bxb5 Nxd5 11.exd5 Qc7 12.Nxc8 Rxc8 13.O-O Bf6 14.Qg4 Rd8 
15.d3 h5 16.Qa4 Kg7 17.f4 a6 18.Bc4 Nxc4 19.Qxc4 Qd6 20.Bd2 Rhe8 21.Rae1 
exf4 22.Bxf4 Qb6 23.Bc1 Bd4+ 24.Kh1 Rxe1 25.Rxe1 Qf6 26.Rd1 Re8 27.h3 Qf2 
28.d6 Re1+ 0-1

[Event "zonal 3.2a"]
[Site "Yangon MYA"]
[Date "1998.12.16"]
[Round "9"]
[White "Hafizulhelmi, Mas"]
[Black "Myo Naing"]
[Result "1/2-1/2"]
[WhiteElo "2400"]
[BlackElo "2345"]
[EventDate "1998.12.??"]
[PlyCount "89"]

1.e4 c5 2.f4 d5 3.exd5 Nf6 4.Bb5+ Nbd7 5.c4 a6 6.Bxd7+ Bxd7 7.Qe2 Bg4 8.
Qe3 e6 9.h3 Bf5 10.g4 Be4 11.Rh2 Bxb1 12.Rxb1 Bd6 13.dxe6 Qc7 14.d3 O-O-O 
15.exf7 Qxf7 16.Re2 Rhe8 17.Qf3 Bc7 18.Bd2 Qd7 19.Rxe8 Rxe8+ 20.Ne2 Qa4 
21.Rc1 Qxa2 22.Kf1 Qxb2 23.Bc3 Qa2 24.g5 Nd7 25.Bxg7 Qd2 26.Rb1 Re3 27.
Qxb7+ Kd8 28.Rb2 Qxd3 29.Qxa6 Bxf4 30.Bf6+ Ke8 31.Qa8+ Kf7 32.Qd5+ Qxd5 
33.cxd5 Nxf6 34.Rb7+ Kg6 35.gxf6 Bg5 36.f7 Rf3+ 37.Kg2 Rxf7 38.Rxf7 Kxf7 
39.Kf3 Bf6 40.Ke4 c4 41.Nd4 Ke7 42.Nb5 Bb2 43.Kf5 c3 44.Nxc3 Bxc3 45.h4 
1/2-1/2

[Event "zonal 3.2a"]
[Site "Yangon MYA"]
[Date "1998.12.16"]
[Round "9"]
[White "Matsuo, Tomohiko"]
[Black "Aung Aung"]
[Result "1/2-1/2"]
[WhiteElo "2205"]
[BlackElo "2400"]
[EventDate "1998.12.??"]
[PlyCount "122"]

1.e4 g6 2.d4 Bg7 3.Nc3 c5 4.d5 d6 5.Nf3 a6 6.a4 Bg4 7.Be2 Nd7 8.Nd2 Bxe2 
9.Qxe2 Qa5 10.Ra3 Ngf6 11.O-O O-O 12.Nc4 Qc7 13.a5 Ne8 14.Bg5 Bf6 15.Bxf6 
exf6 16.Na4 Kg7 17.f4 Kg8 18.Rh3 Ng7 19.Nab6 Rae8 20.Re3 Nxb6 21.Nxb6 Re7 
22.Nc4 Rfe8 23.Qf3 Qd7 24.Rfe1 h5 25.Rd1 Rd8 26.Qe2 Qg4 27.Qxg4 hxg4 28.
Rdd3 Kf8 29.Rb3 Ne8 30.Kf2 Rdd7 31.Rb6 f5 32.e5 dxe5 33.d6 Re6 34.Rxe5 
Nxd6 35.Nxd6 Rexd6 36.Rxd6 Rxd6 37.Rxc5 Rd4 38.Kg3 Ke7 39.Rc7+ Rd7 40.
Rxd7+ Kxd7 41.Kf2 Kc6 42.Ke3 Kc5 43.Kd3 Kb4 44.Kd4 Kxa5 45.Ke5 Kb5 46.Kf6 
Kc5 47.Kxf7 g5 48.g3 gxf4 49.gxf4 Kd4 50.Kg6 Ke4 51.Kg5 a5 52.c4 a4 53.c5 
Kd3 54.Kxf5 Kc2 55.Kxg4 Kxb2 56.f5 a3 57.f6 a2 58.f7 a1=Q 59.f8=Q Qg1+ 60.
Kh3 Qe3+ 61.Kg2 Qg5+ 1/2-1/2

[Event "zonal 3.2a"]
[Site "Yangon MYA"]
[Date "1998.12.16"]
[Round "9"]
[White "Myint Han"]
[Black "Kyaw Kyaw Soe"]
[Result "1/2-1/2"]
[WhiteElo "2260"]
[BlackElo "2310"]
[EventDate "1998.12.??"]
[PlyCount "30"]

1.e4 e6 2.d4 d5 3.exd5 exd5 4.Nf3 Nf6 5.Bd3 Bd6 6.O-O O-O 7.Bg5 Bg4 8.Nbd2
Nbd7 9.c3 h6 10.Bh4 c6 11.Re1 Qc7 12.Qc2 Rfe8 13.Bf5 Bxf5 14.Qxf5 g6 15.
Qd3 Kg7 1/2-1/2

[Event "zonal 3.2a"]
[Site "Yangon MYA"]
[Date "1998.12.16"]
[Round "9"]
[White "Roca, Petronio"]
[Black "De Guzman, Ricardo"]
[Result "1-0"]
[WhiteElo "2365"]
[BlackElo "2400"]
[EventDate "1998.12.??"]
[PlyCount "41"]

1.e4 g6 2.d4 Bg7 3.Nc3 d6 4.Bg5 c6 5.Qd2 b5 6.f4 b4 7.Nd1 Qb6 8.Nf3 Nf6 9.
Bxf6 Bxf6 10.Ne3 O-O 11.h4 c5 12.h5 Bb7 13.hxg6 Bxe4 14.gxf7+ Kxf7 15.Bd3 
Bxf3 16.gxf3 Nc6 17.Rxh7+ Ke8 18.Nd5 Qa5 19.Bb5 Rc8 20.Qe2 b3+ 21.c3 1-0